|
|
|
|
| LEADER |
00000cam a2200000 c 4500 |
| 001 |
275536831 |
| 003 |
DE-627 |
| 005 |
20250409174822.0 |
| 007 |
tu |
| 008 |
910426s1990 sz ||||| 00| ||ger c |
| 015 |
|
|
|a 90,N18,0200
|2 dnb
|
| 015 |
|
|
|a 90,N18,0200
|2 dnb
|
| 016 |
7 |
|
|a 900663219
|2 DE-101
|
| 020 |
|
|
|a 3905493098
|9 3-905493-09-8
|
| 035 |
|
|
|a (DE-627)275536831
|
| 035 |
|
|
|a (DE-576)020884419
|
| 035 |
|
|
|a (DE-599)GBV275536831
|
| 035 |
|
|
|a (OCoLC)75149147
|
| 035 |
|
|
|a (OCoLC)75149147
|
| 040 |
|
|
|a DE-627
|b ger
|c DE-627
|e rda
|
| 041 |
|
|
|a ger
|
| 044 |
|
|
|c XA-CH
|
| 084 |
|
|
|a ERD 802
|a S 538 (30)
|a S 553
|2 sfb
|
| 084 |
|
|
|a 25
|2 sdnb
|
| 084 |
|
|
|a RG01.01
|2 fivr
|
| 084 |
|
|
|a SG
|2 fivs
|
| 084 |
|
|
|a MS 3000
|2 rvk
|0 (DE-625)rvk/123652:
|
| 100 |
1 |
|
|a Lacoste-Dujardin, Camille
|d 1929-2016
|e VerfasserIn
|0 (DE-588)112090184
|0 (DE-627)591581019
|0 (DE-576)166672238
|4 aut
|
| 109 |
|
|
|a Lacoste-Dujardin, Camille 1929-2016
|a Lacoste, Camille 1929-2016
|a Dujardin, Camille Lacoste- 1929-2016
|
| 245 |
1 |
0 |
|a Mütter gegen Frauen
|b Mutterherrschaft im Maghreb
|c Camille Lacoste-Dujardin ; aus dem Französischen von Uta Goridis
|
| 250 |
|
|
|a Erste Auflage
|
| 264 |
|
1 |
|a Zürich
|b eFeF
|c 1990
|
| 300 |
|
|
|a 252 Seiten
|c 21 cm
|
| 336 |
|
|
|a Text
|b txt
|2 rdacontent
|
| 337 |
|
|
|a ohne Hilfsmittel zu benutzen
|b n
|2 rdamedia
|
| 338 |
|
|
|a Band
|b nc
|2 rdacarrier
|
| 500 |
|
|
|a Literaturverzeichnis: Seite 247-252
|
| 583 |
1 |
|
|a Archivierung/Langzeitarchivierung gewährleistet
|f SSG
|x XA-DE-BW
|2 pdager
|5 DE-21
|
| 650 |
|
4 |
|a Maghreb
|x Gesellschaft
|
| 689 |
0 |
0 |
|d s
|0 (DE-588)4212821-3
|0 (DE-627)10507781X
|0 (DE-576)210211474
|a Maghrebiner
|2 gnd
|
| 689 |
0 |
1 |
|d s
|0 (DE-588)4140725-8
|0 (DE-627)105625744
|0 (DE-576)20970523X
|a Mutterschaft
|2 gnd
|
| 689 |
0 |
|
|5 DE-101
|
| 689 |
1 |
0 |
|d s
|0 (DE-588)4040949-1
|0 (DE-627)106221094
|0 (DE-576)209042818
|a Mutter
|2 gnd
|
| 689 |
1 |
1 |
|d s
|0 (DE-588)4060290-4
|0 (DE-627)106140116
|0 (DE-576)20913464X
|a Tochter
|2 gnd
|
| 689 |
1 |
|
|5 (DE-627)
|
| 700 |
1 |
|
|a Goridis, Uta
|d 1952-
|e ÜbersetzerIn
|0 (DE-588)135739675
|0 (DE-627)570578426
|0 (DE-576)164760199
|4 trl
|
| 700 |
1 |
2 |
|a Lacoste-Dujardin, Camille
|d 1929-2016
|t Des mères contre les femmes
|
| 856 |
4 |
2 |
|u http://d-nb.info/900663219/04
|m B:DE-101
|q application/pdf
|3 Inhaltsverzeichnis
|7 1
|
| 889 |
|
|
|w (DE-627)025681923
|
| 935 |
|
|
|a mkri
|
| 935 |
|
|
|i mdedup
|
| 935 |
|
|
|i Blocktest
|
| 936 |
r |
v |
|a MS 3000
|b Allgemeines
|k Soziologie
|k Spezielle Soziologien
|k Soziologische Geschlechterforschung (Gender Studies)
|k Spezielle Forschungsgebiete der soziologischen Geschlechterforschung
|k Allgemeines
|0 (DE-627)1270705695
|0 (DE-625)rvk/123652:
|0 (DE-576)200705695
|
| 936 |
f |
i |
|0 (DE-627)1756133565
|a RG01.01
|b Maghreb
|k Naher und Mittlerer Osten und Nordafrika
|k Nordafrika
|k Maghreb
|2 fivr
|
| 936 |
f |
i |
|0 (DE-627)1756135894
|a SG
|b Gesellschaft
|k Gesellschaft
|2 fivs
|
| 951 |
|
|
|a BO
|
| ELC |
|
|
|b 1
|
| LOK |
|
|
|0 000 xxxxxcx a22 zn 4500
|
| LOK |
|
|
|0 001 3340214077
|
| LOK |
|
|
|0 003 DE-627
|
| LOK |
|
|
|0 004 275536831
|
| LOK |
|
|
|0 005 20020521000000
|
| LOK |
|
|
|0 008 901210||||||||||||||||ger|||||||
|
| LOK |
|
|
|0 040
|a DE-21
|c DE-627
|d DE-21
|
| LOK |
|
|
|0 852
|a DE-21
|
| LOK |
|
|
|0 852 1
|c 30 A 18285
|9 00
|
| LOK |
|
|
|0 935
|a vord
|
| LOK |
|
|
|0 936ln
|a v13.1
|
| LOK |
|
|
|0 939
|a 10-12-90
|b l01
|
| LOK |
|
|
|0 000 xxxxxcx a22 zn 4500
|
| LOK |
|
|
|0 001 3340214220
|
| LOK |
|
|
|0 003 DE-627
|
| LOK |
|
|
|0 004 275536831
|
| LOK |
|
|
|0 005 20050415000000
|
| LOK |
|
|
|0 008 050415||||||||||||||||ger|||||||
|
| LOK |
|
|
|0 040
|a DE-Frei85
|c DE-627
|d DE-Frei85
|
| LOK |
|
|
|0 852
|a DE-Frei85
|
| LOK |
|
|
|0 852 1
|m p
|9 00
|
| LOK |
|
|
|0 938
|k p
|
| LOK |
|
|
|0 939
|a 15-04-05
|b l01
|
| ORI |
|
|
|a SA-MARC-krimdoka001.raw
|
| SIG |
|
|
|a UB: 30 A 18285
|